Indonesia : Selected Issues.

This Selected Issues paper provides an overview of the exchange rate and trade dynamics in Indonesia. Using data on monthly export and import price and volume at the sectoral level, the paper estimates pass-through effects of exchange rate changes to trade price and volume. Results indicate adjustme...

Deskribapen osoa

Xehetasun bibliografikoak
Erakunde egilea: International Monetary Fund. Asia and Pacific Dept
Formatua: Aldizkaria
Hizkuntza:English
Argitaratua: Washington, D.C. : International Monetary Fund, 2019.
Saila:IMF Staff Country Reports; Country Report ; No. 2019/251
Sarrera elektronikoa:Full text available on IMF
LEADER 02251cas a2200241 a 4500
001 AALejournalIMF015804
008 230101c9999 xx r poo 0 0eng d
020 |c 5.00 USD 
020 |z 9781513509136 
022 |a 1934-7685 
040 |a BD-DhAAL  |c BD-DhAAL 
110 2 |a International Monetary Fund.  |b Asia and Pacific Dept. 
245 1 0 |a Indonesia :   |b Selected Issues. 
264 1 |a Washington, D.C. :  |b International Monetary Fund,  |c 2019. 
300 |a 1 online resource (54 pages) 
490 1 |a IMF Staff Country Reports 
500 |a <strong>Off-Campus Access:</strong> No User ID or Password Required 
500 |a <strong>On-Campus Access:</strong> No User ID or Password Required 
506 |a Electronic access restricted to authorized BRAC University faculty, staff and students 
520 3 |a This Selected Issues paper provides an overview of the exchange rate and trade dynamics in Indonesia. Using data on monthly export and import price and volume at the sectoral level, the paper estimates pass-through effects of exchange rate changes to trade price and volume. Results indicate adjustment frictions that depend on the source of the exchange rate fluctuation and the degree of integration in global value chains. Overall, combining price and volume effects, we find that 10 percent depreciation in the exchange rate is associated with a rise in the goods net-exports of up to 1.6 percent of GDP. Results indicate that there is considerable asymmetry and sectoral heterogeneity in the pass-throughs of exchange rate on import and export prices. Import prices adjust well to exchange rate fluctuations with the effects being stronger for appreciation episodes. The price sensitivity of export prices to exchange rate shocks is generally lower than of imports and concentrated over shorter horizons and during episodes of depreciation. The price and quantity results imply that exchange rate changes can have significant effects on the current account, by affecting movements in net-exports of goods. 
538 |a Mode of access: Internet 
830 0 |a IMF Staff Country Reports; Country Report ;  |v No. 2019/251 
856 4 0 |z Full text available on IMF  |u http://elibrary.imf.org/view/journals/002/2019/251/002.2019.issue-251-en.xml  |z IMF e-Library